|
|
|
|
| LEADER |
01530nam a2200397Ia 4500 |
| 001 |
EBC415169 |
| 003 |
MiAaPQ |
| 005 |
20200520144314.0 |
| 006 |
m o d | |
| 007 |
cr cn||||||||| |
| 008 |
061106s2008 nyuaf sb 001 0 eng d |
| 010 |
|
|
|z 2006036257
|
| 020 |
|
|
|z 9780195137637 (hardcover : alk. paper)
|
| 020 |
|
|
|z 0195137639 (hardcover : alk. paper)
|
| 035 |
|
|
|a (MiAaPQ)EBC415169
|
| 035 |
|
|
|a (Au-PeEL)EBL415169
|
| 035 |
|
|
|a (CaPaEBR)ebr10199687
|
| 035 |
|
|
|a (CaONFJC)MIL115879
|
| 035 |
|
|
|a (OCoLC)476240587
|
| 040 |
|
|
|a MiAaPQ
|c MiAaPQ
|d MiAaPQ
|
| 050 |
|
4 |
|a S600.7.C54
|b R673 2008
|
| 082 |
0 |
4 |
|a 338.1/4
|2 22
|
| 100 |
1 |
|
|a Rosenzweig, Cynthia.
|
| 245 |
1 |
0 |
|a Climate variability and the global harvest
|h [electronic resource] :
|b impacts of El Nino and other oscillations on agroecosystems /
|c Cynthia Rosenzweig, Daniel Hillel.
|
| 260 |
|
|
|a New York :
|b Oxford University Press,
|c 2008.
|
| 300 |
|
|
|a xiv, 267 p. :
|b ill., plates.
|
| 504 |
|
|
|a Includes bibliographical references and index.
|
| 533 |
|
|
|a Electronic reproduction. Ann Arbor, MI : ProQuest, 2015. Available via World Wide Web. Access may be limited to ProQuest affiliated libraries.
|
| 650 |
|
0 |
|a Climatic changes
|x Forecasting.
|
| 650 |
|
0 |
|a Crops and climate.
|
| 650 |
|
0 |
|a Climate and civilization.
|
| 651 |
|
0 |
|a El Nino Current.
|
| 655 |
|
4 |
|a Electronic books.
|
| 700 |
1 |
|
|a Hillel, Daniel.
|
| 710 |
2 |
|
|a ProQuest (Firm)
|
| 856 |
4 |
0 |
|u https://ebookcentral.proquest.com/lib/matrademy/detail.action?docID=415169
|z Click to View
|